El Establecimiento de industrias de bienes intermedios como estrategia de desarrollo industrial para Centroamérica /
Importancia y factibilidad del establecimiento en Centroamérica de la industria productora de bienes intermedios (química, siderurgica, pulpa y papel) describe el proceso de industrialización centroamericano en el período 1963-1969. Examina algunos instrumentos del mercado comun como marco para el d...
Uloženo v:
| Hlavní autor: | |
|---|---|
| Médium: | Diplomová práce |
| Vydáno: |
Guatemala:
Universidad de San Carlos de Guatemala
|
| Témata: | |
| Tagy: |
Přidat tag
Žádné tagy, Buďte první, kdo vytvoří štítek k tomuto záznamu!
|
MARC
| LEADER | 00000 a a2200000 04500 | ||
|---|---|---|---|
| 001 | 19636 | ||
| 003 | |||
| 040 | |a CRAI/IIS |c CRAI/IIS | ||
| 090 | |a 07835.00 | ||
| 100 | |a Villatoro Recinos, Lisandro Raul | ||
| 245 | |a El Establecimiento de industrias de bienes intermedios como estrategia de desarrollo industrial para Centroamérica / |c Lisandro Raul Villatoro Recinos | ||
| 260 | |a Guatemala: |b Universidad de San Carlos de Guatemala | ||
| 300 | |a 123 páginas | ||
| 502 | |a Tesis (Licenciado en Economía) -- Universidad de San Carlos de Guatemala, 1972 | ||
| 520 | |a Importancia y factibilidad del establecimiento en Centroamérica de la industria productora de bienes intermedios (química, siderurgica, pulpa y papel) describe el proceso de industrialización centroamericano en el período 1963-1969. Examina algunos instrumentos del mercado comun como marco para el desarrollo de las industrias productoras de bienes intermedios. Incluye un anexo estadístico./ALLV | ||
| 650 | |a INDUSTRIALIZACION | ||
| 650 | |a INDUSTRIA LIGERA | ||
| 650 | |a MCCA | ||
| 999 | |c 18161 |d 18161 | ||
